Nu Metal Geography - Statistics

General Stats
  • This quiz has been taken 54 times
  • The average score is 8 of 15
Answer Stats
Band Country % Correct
Limp Bizkit United States
98%
Number One Son United Kingdom
83%
Slaves On Dope Canada
81%
I-Trip Germany
73%
Pleymo France
71%
Folder Italy
67%
Flymore Russia
60%
Slodust Sweden
58%
Sunk Loto Australia
48%
Gazzoleen Belgium
40%
Blindspott New Zealand
35%
.sPout. Austria
27%
A.N.I.M.A.L. Argentina
25%
Cheese/Queso Phillippines
10%
Yobo Serbia
8%
No matching quizzes found
Score Distribution
Percent of People with Each Score
Percentile by Number Answered
Your Score History
You have not taken this quiz